LEADER 00744nab a2200169 i 4500 001 000000329692 003 CaOOAMICUS 005 20180831173625.0 008 180831n it uu u0 0ita r 013 $a41370 040 $aSeMil$bita 245 10$aNon temiamo le sfide: il Signore è in mezzo a noi. - In [rubrica] :$bPreghiera. 710 2 $aMonastero Romite Ambrosiane$c.$0(OLS)http://semarc/name/7578 773 0 $tVocazione e cambiamento d'epoca. - 32 p. - Titolo dalla copertina.$gp.[16]-[17]$w()291856 910 2 $aRomite dell'Ordine di S. Ambrogio ad Nemus. 996 $6245$aNon temiamo le sfide: il Signore è in mezzo a noi. - In [rubrica] :$bPreghiera.$9(OLS)http://semarc/title/418169 LEADER 01770nam a2200337 i 4500 001 000000213948 003 CaOOAMICUS 005 20120615000000.0 008 120615s2012 it u000 u ita u 013 $a192803 020 $a978-88-399-0857-5 040 $aSeMil$bita 100 1 $aDias, Ivan .$0(OLS)http://semarc/name/92485 240 10$aNeuevangelisierung als Herausforderung : Impulse zur Verlebendigung des Glaubens.$0(OLS)http://semarc/title/308374 245 13$aLa sfida della nuova evangelizzazione :$bimpulsi per la rivitalizzazione della fede /$ccard. Ivan Dias, card. Kurt Koch, Thomas Söding ; Walter Kasper, George Augustin (edd.) 260 $aBrescia :$bQueriniana,$c2012. 300 $a260 p. ;$c20 cm. 490 0 $aGiornale di teologia ;$v357 650 4$aNuova evangelizzazione e pastorale.$0(OLS)http://semarc/subject/1456 650 4$aNuova evangelizzazione.$0(OLS)http://semarc/subject/16250 700 1 $aAugustin, George,$d<1955- >.$0(OLS)http://semarc/name/53555 700 1 $aSöding, Thomas,$d<1956- >.$0(OLS)http://semarc/name/90422 700 1 $aKoch, Kurt,$c.$0(OLS)http://semarc/name/20112 700 1 $aKasper, Walter,$c.$0(OLS)http://semarc/name/3462 830 0$aGiornale di teologia ;$v357.$0(OLS)http://semarc/title/419620 850 $aSeMil 852 $aSeMil$W1$xVenegono$y1$m2M III 757$j164376$B164376$CSeMilBibl$Z2$F175391 $81 961 $aSottoscrizione: Queriniana 996 $6020$a978-88-399-0857-5$9(OLS)http://semarc/number/210078 996 $6245$aLa sfida della nuova evangelizzazione :$bimpulsi per la rivitalizzazione della fede$9(OLS)http://semarc/title/308373 996 $6260$aBrescia :$bQueriniana$9(OLS)http://semarc/publisher/29615